The United States and The United Nations (Record no. 12996)
[ view plain ]
| 000 -LEADER | |
|---|---|
| fixed length control field | 01185cam a22003011a 4500 |
| 001 - CONTROL NUMBER | |
| control field | 8921739 |
| 005 - DATE AND TIME OF LATEST TRANSACTION | |
| control field | 20080429190832.0 |
| 008 - FIXED-LENGTH DATA ELEMENTS--GENERAL INFORMATION | |
| fixed length control field | 721201s1964 oku b s001 0 eng |
| 010 ## - LIBRARY OF CONGRESS CONTROL NUMBER | |
| LC control number | 64020766 |
| 035 ## - SYSTEM CONTROL NUMBER | |
| System control number | (OCoLC)505201 |
| 040 ## - CATALOGING SOURCE | |
| Original cataloging agency | DLC |
| Transcribing agency | ODaWU |
| Modifying agency | OCoLC |
| -- | MoSU-L |
| -- | DLC |
| 042 ## - AUTHENTICATION CODE | |
| Authentication code | premarc |
| 043 ## - GEOGRAPHIC AREA CODE | |
| Geographic area code | n-us--- |
| 050 00 - LIBRARY OF CONGRESS CALL NUMBER | |
| Classification number | JX1977.2.U5 |
| Item number | G7 |
| 082 ## - DEWEY DECIMAL CLASSIFICATION NUMBER | |
| Classification number | 341.13973 |
| Item number | UNI |
| 245 04 - TITLE STATEMENT | |
| Title | The United States and The United Nations |
| Statement of responsibility, etc | edited by Franz B. Gross ; [by] Waldo Chamberlin ... [et al.] ; with public addresses by George H. Ball ... [et al.]. |
| 260 ## - PUBLICATION, DISTRIBUTION, ETC. (IMPRINT) | |
| Place of publication, distribution, etc | Norman : |
| Name of publisher, distributor, etc | University of Oklahoma Press, |
| Date of publication, distribution, etc | c1964. |
| 300 ## - PHYSICAL DESCRIPTION | |
| Extent | x, 356 p. ; |
| Dimensions | 23 cm. |
| 500 ## - GENERAL NOTE | |
| General note | Donations |
| 504 ## - BIBLIOGRAPHY, ETC. NOTE | |
| Bibliography, etc | Includes bibliographical references and index. |
| 610 20 - SUBJECT ADDED ENTRY--CORPORATE NAME | |
| Corporate name or jurisdiction name as entry element | United Nations |
| Geographic subdivision | United States. |
| 9 (RLIN) | 9700 |
| 610 20 - SUBJECT ADDED ENTRY--CORPORATE NAME | |
| Corporate name or jurisdiction name as entry element | United Nations. |
| 9 (RLIN) | 9701 |
| 650 #0 - SUBJECT ADDED ENTRY--TOPICAL TERM | |
| Topical term or geographic name as entry element | World politics |
| Chronological subdivision | 1945-1989. |
| 9 (RLIN) | 9702 |
| 700 1# - ADDED ENTRY--PERSONAL NAME | |
| Personal name | Gross, Franz B. |
| 9 (RLIN) | 9703 |
| 700 1# - ADDED ENTRY--PERSONAL NAME | |
| Personal name | Chamberlin, Waldo, |
| Dates associated with a name | 1905- |
| 9 (RLIN) | 9704 |
| 942 ## - ADDED ENTRY ELEMENTS (KOHA) | |
| Source of classification or shelving scheme | Dewey Decimal Classification |
| Item type | Book - Borrowing |
| Withdrawn status | Item status | Source of classification or shelving scheme | Damaged status | Not for loan | Vendor | Home library | Current library | Shelving location | Date acquired | Source of acquisition | Total Checkouts | Total Renewals | Full call number | Barcode | Date last seen | Date last borrowed | Koha item type | Public note |
|---|---|---|---|---|---|---|---|---|---|---|---|---|---|---|---|---|---|---|
| Dewey Decimal Classification | Central Library | Central Library | First floor | 07/12/2009 | Donation | 2 | 6 | 341.13973 UNI | 000019053 | 15/07/2025 | 15/04/2019 | Book - Borrowing | donated by Alaa AbdelGhaney |